000 00541cam a2200193 4500
001 BIIH003324
008 1992 spa
020 _a968-496-202-9
035 _aBIIH003324
050 4 _aGN495
_b.6 C37 1992
100 1 _aCardoso de Oliveira, Roberto
245 0 _aEtnicidad y estructura social /
_cRoberto Cardoso de Oliveira-
260 _aMéxico :
_bCIESAS,
_c1992
300 _a158 p. ;
_c21 cm.
440 0 _aMiguel Othon de Mendizabal
500 _a1 ejemplar
650 4 _aEtnologia
942 _2lcc
_cLIB
999 _c64225
_d64225